000 02050nam a22002777a 4500
999 _c56992
_d56992
003 Ge_BSU
005 20190923154434.0
008 190923s2019 ge ||||| |||| 00| 0 geo d
020 _a9789941811357
041 _ageo
080 _a316.325+35 ო-86
245 _aოქსფორდის სამოქალაქო საზოგადოების სახელმძღვანელო /
_cრედ : მაიკლ ედვარდსი ; მთარგმნ : ნათია ნადირაძე ; თამარ მოსიშვილი ; გიორგი გახელაძე.
264 _aთბილისი :
_bკონსულტაციის და ტრენინგის ცენტრი,
_c2019.
300 _a525 გვ .:
_c27 სმ.
440 _aევროკავშირი საქართველოსთვის
_94225
500 _aანბანურ საძ.გვ: 516-525
504 _aბიბლოგრაფ. გვ :513
653 _aსამოქალაქო საზოგადოების ფორმები
653 _aსოციალური სტრუქტურები
700 _a ედვარდსი, მაიკლ
_eრედაქტორი
_94226
700 _aნადირაძე , ნათია
_eმთარგმნელი
_94227
700 _aმოსიშვილი , თამარ
_eმთარგმნელი
_94228
700 _aგახელაძე , გიორგი
_eმთარგმნელი
_94229
710 _eსახელმძღვანელო გამოიცა ევროკავშირისა და კონრად ადენუერის ფონდის მხარდაჭერით, პროექტის "სამოქალაქო საზოგადოების განვითარების ინიციატივის" ფარგლებში
_94230
942 _2udc
_cBK